Global real estate insights (Record no. 107764)
[ view plain ]
| 000 -LEADER | |
|---|---|
| fixed length control field | 01265cad a22002655a 4500 |
| 001 - CONTROL NUMBER | |
| control field | L141763 |
| 008 - FIXED-LENGTH DATA ELEMENTS--GENERAL INFORMATION | |
| fixed length control field | 071219s2007 xxkad f s 000 0 eng d |
| 035 ## - SYSTEM CONTROL NUMBER | |
| System control number | (Sirsi) u141763 |
| 041 0# - LANGUAGE CODE | |
| Language code of text/sound track or separate title | eng |
| 050 04 - LIBRARY OF CONGRESS CALL NUMBER | |
| Classification number | 332.642 $2 18 |
| 100 1# - MAIN ENTRY--PERSONAL NAME | |
| Personal name | Chin, Henry |
| 245 00 - TITLE STATEMENT | |
| Title | Global real estate insights |
| Remainder of title | into the cyclical downturn |
| Medium | [electronic resource] |
| 260 ## - PUBLICATION, DISTRIBUTION, ETC. | |
| Place of publication, distribution, etc. | London |
| Name of publisher, distributor, etc. | RREEF |
| Date of publication, distribution, etc. | 2007 |
| 520 ## - SUMMARY, ETC. | |
| Summary, etc. | Reports that global real estate securities have slowed to 2% to the end of the third quarter 2007, after averaging 25% a year over the past five years. Finds direct markets are also weakening and set to fall to 5% in 2008 after averaging 13% over the previous five years. Considers that, although the downturn is cyclical, the golden years are over. However, real estate remains an attractive long term investment option. |
| 651 #4 - SUBJECT ADDED ENTRY--GEOGRAPHIC NAME | |
| Geographic name | International |
| 690 ## - LOCAL SUBJECT ADDED ENTRY--TOPICAL TERM (OCLC, RLIN) | |
| Topical term or geographic name as entry element | PROPERTY-COMMERCIAL PROPERTY-COMMERCIAL PROPERTY MARKET |
| 690 ## - LOCAL SUBJECT ADDED ENTRY--TOPICAL TERM (OCLC, RLIN) | |
| Topical term or geographic name as entry element | PROPERTY-COMMERCIAL PROPERTY-COMMERCIAL PROPERTY FINANCE AND INVESTMENT |
| 700 1# - ADDED ENTRY--PERSONAL NAME | |
| Personal name | Topintzi, Ermina |
| 700 1# - ADDED ENTRY--PERSONAL NAME | |
| Personal name | Hobbs, Peter |
| 700 1# - ADDED ENTRY--PERSONAL NAME | |
| Personal name | Keng, Tan Yen |
| 700 1# - ADDED ENTRY--PERSONAL NAME | |
| Personal name | Billingsley, Alan |
| 700 1# - ADDED ENTRY--PERSONAL NAME | |
| Personal name | Naylor,Sandra |
| 856 48 - ELECTRONIC LOCATION AND ACCESS | |
| Uniform Resource Identifier | <a href="https://www.rreef.com/">https://www.rreef.com/</a> |
| Public note | View the report free of charge at www.rreef.com.... |
| 942 ## - ADDED ENTRY ELEMENTS (KOHA) | |
| Suppress in OPAC | 0 |
| Withdrawn status | Lost status | Source of classification or shelving scheme | Damaged status | Not for loan | Home library | Current library | Shelving location | Date acquired | Total Checkouts | Full call number | Barcode | Date last seen | Copy number | Price effective from | Koha item type |
|---|---|---|---|---|---|---|---|---|---|---|---|---|---|---|---|
| Dewey Decimal Classification | Virtual | Virtual | Online | 19/12/2007 | ONLINE PUBLICATION | 141763-1001 | 06/08/2019 | 1 | 06/08/2019 | Book |